000 00319nam a2200121Ia 4500
008 240731s9999 xx 000 0 und d
022 _a2164-4527
245 0 _aInternational Journal of Adolescence and Youth
260 _bRoutledge
856 _uhttps://www.tandfonline.com/loi/rady20
942 _2ddc
942 _cTFEJ
999 _c77038
_d77038
945 _a1
_bMadushi Gamage
_c1
_dMadushi Gamage